| 000 | 00453nam a2200181Ia 4500 | ||
|---|---|---|---|
| 005 | 20250425162249.0 | ||
| 008 | 250425s9999 xx 000 0 und d | ||
| 041 | _aspa | ||
| 082 | _a343.0772 | ||
| 245 | 0 | _aLEGISLACION PETROLERA ECUATORIANA | |
| 250 | _a1A ED. | ||
| 260 |
_aEcuador _bJUNTA NACIONAL DE PLANIFICACION |
||
| 260 | _aS.L. | ||
| 300 | _a505 | ||
| 500 | _aDADO DE BAJA POR OBSOLETO EL 25/02/2011 | ||
| 942 | _c01 | ||
| 010 | _a59162 | ||
| 999 |
_c225675 _d225675 |
||